| 000 | 004280000a22001690004500 | ||
|---|---|---|---|
| 003 | MACL | ||
| 005 | 20151229160534.0 | ||
| 008 | 151229b xxu||||| |||| 00| 0 eng d | ||
| 040 |
_aMACL _cMACL |
||
| 041 | _aEnglish | ||
| 082 | _a240/ANT | ||
| 100 |
_aFroude, James Anthony _924197 |
||
| 245 |
_aThe Reign of Henry The Elghth _bvol 2 |
||
| 260 | _bJ M Dent & Sons LTD | ||
| 650 |
_aReligion _924198 |
||
| 942 |
_cBK _k240/ANT _2ddc |
||
| 999 |
_c38526 _d38526 |
||